[Event "Open Ricany 2006"]
[Site "?"]
[Date "????.??.??"]
[Round "1.14"]
[White "Sochorova, Jana"]
[Black "Lizner, Milan"]
[Result "1/2-1/2"]
[WhiteElo "1761"]
[BlackElo "2125"]
[PlyCount "30"]

1. Nf3 f5 2. b3 d6 3. d4 Nf6 4. Bb2 c6 5. c4 g6 6. Nc3 Bg7 7. e3 O-O 8. Bd3 Qc7
9. e4 e5 10. O-O Na6 11. Re1 f4 12. Rc1 Bg4 13. Be2 Rad8 14. d5 Nc5 15. Qc2 Ne8
1/2-1/2

[Event "Open Ricany 2006"]
[Site "?"]
[Date "????.??.??"]
[Round "1.3"]
[White "Sodoma, Jan"]
[Black "Prochazka, Petr"]
[Result "1/2-1/2"]
[WhiteElo "2285"]
[BlackElo "2011"]
[PlyCount "45"]

1. e4 d5 2. exd5 Nf6 3. d4 Bg4 4. f3 Bf5 5. Bb5+ Nbd7 6. Nc3 a6 7. Ba4 b5 8.
Bb3 Nb6 9. Nge2 Nbxd5 10. a4 b4 11. Nxd5 Nxd5 12. c4 bxc3 13. bxc3 e6 14. O-O
Be7 15. a5 O-O 16. Kh1 c6 17. Bc2 Bxc2 18. Qxc2 Qc7 19. Bd2 c5 20. Qd3 c4 21.
Qe4 Bd6 22. f4 Rab8 23. Rf3 1/2-1/2

[Event "Open Ricany 2006"]
[Site "?"]
[Date "????.??.??"]
[Round "1.2"]
[White "Feierfeil, Jioi"]
[Black "Vojta, Tomas"]
[Result "0-1"]
[WhiteElo "2013"]
[BlackElo "2303"]
[PlyCount "74"]

1. d4 d5 2. c4 dxc4 3. Nc3 Nf6 4. e4 e5 5. d5 Bc5 6. h3 Qe7 7. Bxc4 Bxf2+ 8.
Kf1 Bc5 9. Qf3 a6 10. Be3 O-O 11. Nge2 Bxe3 12. Qxe3 Nbd7 13. g3 Qb4 14. b3 Qc5
15. Qf3 b5 16. Bd3 Bb7 17. Rc1 Qb6 18. Kg2 c6 19. dxc6 Bxc6 20. b4 Qb7 21. g4
Rfd8 22. g5 Ne8 23. Rhf1 Nd6 24. Ng3 Nf8 25. Bc2 Ne6 26. h4 Nd4 27. Qe3 Rac8
28. Bb1 Rd7 29. Kh2 Nc4 30. Qe1 Nd2 31. Qe3 Nxf1+ 32. Rxf1 Rcd8 33. Rf2 Qa7 34.
Nh5 Ne6 35. Qf3 Rd2 36. Ne2 Rb2 37. Rf1 Nd4 0-1

[Event "Open Ricany 2006 "]
[Site "?"]
[Date "????.??.??"]
[Round "1.16"]
[White "Buoil, Petr"]
[Black "Skacel, Jan"]
[Result "1/2-1/2"]
[WhiteElo "1976"]
[BlackElo "2109"]
[PlyCount "30"]

1. f4 e5 2. fxe5 d6 3. exd6 Bxd6 4. Nf3 Nf6 5. d4 Ng4 6. Qd3 c5 7. Nc3 cxd4 8.
Qxd4 O-O 9. Bg5 Nc6 10. Qxg4 Bxg4 11. Bxd8 Raxd8 12. O-O-O Bf4+ 13. Kb1 Rxd1+
14. Nxd1 Rd8 15. Nf2 Bxf3 1/2-1/2

[Event "Open Ricany 2006"]
[Site "?"]
[Date "????.??.??"]
[Round "1.21"]
[White "Mazoch, Jioi"]
[Black "Adamik, Frantisek"]
[Result "1-0"]
[WhiteElo "2090"]
[BlackElo "1859"]
[PlyCount "51"]

1. d4 c5 2. d5 e5 3. e4 h5 4. Nc3 d6 5. Nf3 Be7 6. Bd3 g5 7. Be3 a6 8. a4 b6 9.
Qc1 f6 10. h3 Nd7 11. Qd2 Nf8 12. h4 g4 13. Ng1 Ng6 14. g3 Bf8 15. Nge2 Bh6 16.
Nd1 Qc7 17. O-O c4 18. Qc3 Qg7 19. Qxc4 N8e7 20. Qc7 O-O 21. Qxd6 f5 22. Bxh6
Qxh6 23. Ne3 Qg7 24. exf5 Bxf5 25. Bxf5 Nxf5 26. Qe6+ 1-0

[Event "Open Ricany 2006"]
[Site "?"]
[Date "????.??.??"]
[Round "1.26"]
[White "Zamrazil, Jan"]
[Black "Boleslav, Petr"]
[Result "0-1"]
[WhiteElo "1674"]
[BlackElo "2044"]
[PlyCount "46"]

1. d4 e6 2. c4 b6 3. Nc3 Bb7 4. e3 Nf6 5. Nf3 Bb4 6. Bd2 O-O 7. Bd3 d5 8. O-O
Nbd7 9. a3 Bd6 10. Rc1 c6 11. Qc2 Rc8 12. e4 e5 13. dxe5 Nxe5 14. Nxe5 Bxe5 15.
Bg5 h6 16. Bxf6 Qxf6 17. exd5 cxd5 18. cxd5 Bxc3 19. bxc3 Bxd5 20. c4 Ba8 21.
Be4 Rc5 22. Bd3 Rd8 23. Qb3 Rg5 0-1

[Event "Open Ricany 2006"]
[Site "?"]
[Date "????.??.??"]
[Round "?.12"]
[White "Novak, Jindoich"]
[Black "Ptak, Pavel"]
[Result "0-1"]
[WhiteElo "1966"]
[BlackElo "2125"]
[PlyCount "68"]

1. d3 d5 2. e4 e6 3. Nc3 Nf6 4. Bg5 Be7 5. h4 h6 6. Bxf6 Bxf6 7. Nf3 Nc6 8. d4
dxe4 9. Nxe4 Qd5 10. Nxf6+ gxf6 11. Be2 Bd7 12. c3 O-O-O 13. b4 Rhg8 14. O-O
Qf5 15. g3 Ne7 16. c4 Bc6 17. b5 Be4 18. Kh2 Ng6 19. a4 Nf4 20. Ng1 e5 21. d5
Nxe2 22. Qxe2 Bd3 23. Qe3 Bxf1 24. Rxf1 Kb8 25. a5 Rg4 26. Qc5 Rdg8 27. b6 axb6
28. axb6 cxb6 29. Qxb6 Rxg3 30. fxg3 Qxf1 31. d6 Qe1 32. Qb3 Qf2+ 33. Kh3 Qxg1
34. Qf3 e4 0-1

[Event "Open Ricany 2006"]
[Site "?"]
[Date "????.??.??"]
[Round "1.23"]
[White "Skala, Jaromir"]
[Black "Svitak, David"]
[Result "1-0"]
[WhiteElo "2079"]
[BlackElo "1803"]
[PlyCount "47"]

1. e4 c5 2. Nf3 Nc6 3. Bb5 d6 4. d4 cxd4 5. Qxd4 Bd7 6. Bxc6 Bxc6 7. c4 Nf6 8.
Nc3 e6 9. Bg5 Be7 10. O-O O-O 11. b4 Rc8 12. Rfd1 Qc7 13. Rac1 Rfd8 14. Nd2 d5
15. cxd5 Ng4 16. Bxe7 Qxh2+ 17. Kf1 e5 18. Qxa7 Bb5+ 19. Nxb5 Rxc1 20. Rxc1
Qh1+ 21. Ke2 Qxc1 22. Bxd8 Qc8 23. Bc7 Nh2 24. Qb8 1-0

[Event "Open Ricany 2006"]
[Site "?"]
[Date "????.??.??"]
[Round "1.28"]
[White "Schmalz, Michael"]
[Black "Boueek, Vlastimil"]
[Result "0-1"]
[WhiteElo "1626"]
[BlackElo "2033"]
[PlyCount "92"]

1. e4 Nf6 2. Nc3 e6 3. d4 d5 4. exd5 Nxd5 5. Nxd5 Qxd5 6. Nf3 c5 7. Be3 Nd7 8.
dxc5 Qxd1+ 9. Rxd1 Bxc5 10. Bxc5 Nxc5 11. Bb5+ Ke7 12. O-O a6 13. Be2 f6 14.
Rfe1 e5 15. Bc4 Be6 16. Nxe5 fxe5 17. Rxe5 Rac8 18. Rde1 Rc6 19. b4 Kf6 20. Bd5
Bxd5 21. Rxd5 Re6 22. Rc1 Rhe8 23. Kf1 Ne4 24. c4 Rd6 25. Rxd6+ Nxd6 26. f3 Rc8
27. c5 Nf5 28. Ke2 Ke5 29. Rd1 Rc7 30. a4 h5 31. g4 Nd4+ 32. Kf2 hxg4 33. fxg4
Rf7+ 34. Kg2 Kd5 35. h4 Rf4 36. Kg3 Rf3+ 37. Kg2 Rb3 38. b5 axb5 39. axb5 Rxb5
40. h5 Rxc5 41. Kg3 Ke5 42. g5 Nf5+ 43. Kf3 Rc3+ 44. Kf2 b5 45. g6 Rh3 46. Rd7
Rxh5 0-1

[Event "Open Ricany 2006"]
[Site "?"]
[Date "????.??.??"]
[Round "1.5"]
[White "Blumel, Otto"]
[Black "Lavrincik, Pavel"]
[Result "1/2-1/2"]
[WhiteElo "2262"]
[BlackElo "2000"]
[PlyCount "46"]

1. d4 d6 2. e4 Nf6 3. Nc3 g6 4. Bg5 Bg7 5. e5 Nfd7 6. Nd5 Nc6 7. Bb5 h6 8. exd6
cxd6 9. Be3 Qa5+ 10. Qd2 Qxd2+ 11. Kxd2 Kf8 12. c3 Nf6 13. Nc7 Rb8 14. d5 Bf5
15. dxc6 bxc6 16. a4 Rb7 17. Bxc6 Rxc7 18. Bf3 Ne4+ 19. Bxe4 Bxe4 20. f3 Bd5
21. Ne2 e5 22. a5 Ke7 23. Nc1 f5 1/2-1/2

[Event "Open Ricany 2006"]
[Site "?"]
[Date "????.??.??"]
[Round "1.4"]
[White "Vanecek, Stanislav"]
[Black "Sharashenidze, Akaki"]
[Result "1-0"]
[WhiteElo "2005"]
[BlackElo "2271"]
[PlyCount "85"]

1. c4 c6 2. Nf3 Nf6 3. Nc3 g6 4. g3 Bg7 5. Bg2 O-O 6. O-O d6 7. d4 Nbd7 8. e4
Qc7 9. h3 Re8 10. Be3 e5 11. Qd2 Nxe4 12. Nxe4 exd4 13. Nxd4 Nb6 14. Rac1 Nxc4
15. Rxc4 d5 16. Nb5 Qd8 17. Bg5 f6 18. Bxf6 Bxf6 19. Nxf6+ Qxf6 20. Rf4 Qe5 21.
Nd4 Bd7 22. h4 Rad8 23. Nf3 Qd6 24. Re1 Rxe1+ 25. Qxe1 Re8 26. Qc3 c5 27. Ng5
Bf5 28. Qd2 d4 29. Bxb7 Re7 30. Bg2 h6 31. Ne4 Qe5 32. g4 Bd7 33. Nf6+ Kg7 34.
Nxd7 Rxd7 35. Re4 Qd6 36. b3 Rf7 37. Bf1 Rf3 38. Kg2 Rf8 39. Bc4 Qc6 40. f3 Qf6
41. Qe2 h5 42. Re7+ Kh8 43. Qe5 1-0

[Event "Open Ricany 2006"]
[Site "?"]
[Date "????.??.??"]
[Round "?.24"]
[White "Vokolek, Jaroslav"]
[Black "Koper, Stefan"]
[Result "0-1"]
[WhiteElo "1734"]
[BlackElo "2058"]
[PlyCount "59"]

1. d4 g6 2. c4 Bg7 3. Nf3 d6 4. Bf4 Bg4 5. Nc3 Bxf3 6. gxf3 Nd7 7. e3 c5 8. d5
Ngf6 9. Bd3 Nh5 10. Bg5 Ne5 11. Be2 h6 12. Bh4 g5 13. f4 Ng6 14. Bxh5 Nxh4 15.
Rg1 Bf6 16. Qg4 Qa5 17. Kd2 Qb4 18. Rab1 Qxc4 19. Rgc1 Kf8 20. fxg5 Bxc3+ 21.
bxc3 Qxd5+ 22. Ke1 hxg5 23. e4 Qe5 24. Rxb7 Ng2+ 25. Qxg2 Rxh5 26. h3 Rh4 27.
f3 f6 28. Kf2 Kf7 29. Rb3 Rah8 30. Rh1 0-1

[Event "Open Ricany 2006"]
[Site "?"]
[Date "????.??.??"]
[Round "1.17"]
[White "Horak, Vladimir"]
[Black "Lexa, Vaclav"]
[Result "1-0"]
[WhiteElo "2107"]
[BlackElo "1927"]
[PlyCount "59"]

1. d4 e6 2. Nf3 Nf6 3. g3 b6 4. Bg2 Bb7 5. O-O Be7 6. c4 O-O 7. Nc3 d5 8. Ne5
Nbd7 9. Nd3 Rb8 10. cxd5 exd5 11. Bf4 Rc8 12. b4 Ne4 13. Rc1 c5 14. bxc5 bxc5
15. dxc5 Ndxc5 16. Nxc5 Bxc5 17. Qb3 Qd7 18. Nxe4 dxe4 19. Rfd1 Qe7 20. Rxc5
Qxc5 21. Qxb7 Qc2 22. Rc1 Rb8 23. Rxc2 Rxb7 24. Bxe4 Rd7 25. Kg2 Re8 26. Bd3
Rf8 27. a4 g6 28. a5 Kg7 29. a6 f6 30. Be4 1-0

[Event "Open Ricany 2006"]
[Site "?"]
[Date "????.??.??"]
[Round "1.11"]
[White "Hrubant, Ivan"]
[Black "Bernath, Stefan"]
[Result "0-1"]
[WhiteElo "2133"]
[BlackElo "1967"]
[PlyCount "81"]

1. d4 Nf6 2. c4 e6 3. Nf3 d5 4. Nc3 Bb4 5. e3 O-O 6. Bd3 c5 7. a3 Bxc3+ 8. bxc3
Qc7 9. Qc2 Nbd7 10. O-O b6 11. cxd5 exd5 12. a4 Bb7 13. Ba3 Rfe8 14. Rfe1 Rac8
15. Qd1 Qb8 16. a5 Qc7 17. Bb2 Bc6 18. Ra3 Rb8 19. Ra1 b5 20. a6 Ne4 21. Nd2
Nd6 22. Qh5 Nf6 23. Qh4 c4 24. Bc2 b4 25. cxb4 Nb5 26. Ba3 Nxa3 27. Rxa3 Qe7
28. Nf3 Ne4 29. Qxe7 Rxe7 30. Ng5 Ree8 31. Nh3 f6 32. Nf4 Kf7 33. Ra5 Red8 34.
Rc5 Rb6 35. h4 g5 36. b5 Rxb5 37. Rxc6 gxf4 38. Rc7+ Kg6 39. h5+ Kxh5 40. Rxh7+
Kg6 41. Rxa7 0-1

[Event "Open Ricany 2006"]
[Site "?"]
[Date "????.??.??"]
[Round "1.1"]
[White "Balhar, Jan"]
[Black "Fojtu, Jan"]
[Result "1-0"]
[WhiteElo "2311"]
[BlackElo "2014"]
[PlyCount "123"]

1. d4 f5 2. g3 Nf6 3. Bg2 c6 4. c4 e6 5. Nf3 d5 6. O-O Bd6 7. Nc3 O-O 8. Qd3 b6
9. cxd5 exd5 10. Bf4 Ne4 11. Qe3 Re8 12. Bxd6 Qxd6 13. Ne5 Nd7 14. f4 Ndf6 15.
Rac1 Bb7 16. Bxe4 fxe4 17. g4 Bc8 18. g5 Ng4 19. Qg3 Nxe5 20. fxe5 Qe6 21. Rf4
Qh3 22. Qf2 Be6 23. Rf1 Qh5 24. h4 Bh3 25. Rc1 Rf8 26. b4 h6 27. Rxf8+ Rxf8 28.
Qg3 Be6 29. gxh6 Qxh6 30. Rf1 Rxf1+ 31. Kxf1 Qd2 32. Qg6 Qf4+ 33. Kg2 Bf7 34.
Qg5 Qxg5+ 35. hxg5 Kh7 36. Kg3 Kg6 37. Kf4 Be6 38. a4 Kf7 39. a5 Ke7 40. Na4 c5
41. dxc5 bxa5 42. b5 Kd7 43. c6+ Kc7 44. Nc5 Bc8 45. Ke3 a4 46. Nxa4 a6 47. Nc3
axb5 48. Nxb5+ Kb6 49. Nd6 Be6 50. c7 Kxc7 51. Ne8+ Kd7 52. Nxg7 Bg4 53. Kf4
Bxe2 54. Nf5 Bh5 55. e6+ Kd8 56. Ke5 Bg6 57. Ne3 d4 58. Kxd4 Ke7 59. Ke5 Kf8
60. Kf6 Be8 61. g6 Kg8 62. Nf5 1-0

[Event "?"]
[Site "?"]
[Date "????.??.??"]
[Round "1.27"]
[White "Tejkal, Jioi"]
[Black "Vleek, Jan"]
[Result "1/2-1/2"]
[WhiteElo "2034"]
[BlackElo "1673"]
[PlyCount "113"]

1. d4 d6 2. c4 Nf6 3. Nc3 g6 4. e4 Bg7 5. Nf3 O-O 6. Be2 Nbd7 7. O-O Re8 8. Re1
e5 9. Bf1 exd4 10. Nxd4 Nc5 11. f3 a5 12. Be3 Be6 13. Rc1 Rf8 14. b3 Nfd7 15.
a3 Ne5 16. b4 axb4 17. axb4 Ncd7 18. Nxe6 fxe6 19. f4 Nc6 20. b5 Ne7 21. g3 Kh8
22. Qg4 e5 23. Red1 exf4 24. gxf4 Nf6 25. Qh3 Qc8 26. Qxc8 Raxc8 27. b6 Ng4 28.
Bd4 Rxf4 29. Bxg7+ Kxg7 30. bxc7 Rxc7 31. Rxd6 Ne3 32. Nb5 Rc6 33. Bd3 Rxd6 34.
Nxd6 Nc6 35. Nxb7 Ne5 36. Be2 Rxe4 37. Nd6 Rd4 38. c5 Rd2 39. Kf2 Rc2 40. Rxc2
Nxc2 41. Bb5 Nb4 42. Ke3 Kf6 43. Kd4 Ke6 44. Bf1 Nbc6+ 45. Ke4 g5 46. Ba6 Ne7
47. h3 Nd7 48. Bc4+ Kf6 49. Nb7 Nc6 50. Bb5 Nde5 51. Nd6 Nb4 52. Ne8+ Ke6 53.
Ng7+ Kf6 54. Nh5+ Ke6 55. Ng3 Nbc6 56. Ne2 Na5 57. Ba6 1/2-1/2

[Event "Open Ricany 2006"]
[Site "?"]
[Date "????.??.??"]
[Round "?.13"]
[White "Pospisil, Evzen"]
[Black "Vanek, Marian"]
[Result "1-0"]
[WhiteElo "2125"]
[BlackElo "1843"]
[PlyCount "71"]

1. d4 Nf6 2. c4 e6 3. g3 Bb4+ 4. Nd2 O-O 5. Bg2 d5 6. Ngf3 Nbd7 7. O-O b6 8.
Ne5 Bb7 9. Qa4 Bd6 10. Ndf3 c5 11. Bf4 Qc7 12. cxd5 Bxd5 13. Rac1 Rfd8 14. Rfe1
Ne4 15. Nd3 Bxf4 16. Nxf4 Bc6 17. Qc2 Rac8 18. e3 Qb7 19. dxc5 Nxg3 20. Ng5 Nf5
21. Bh3 Nf6 22. Nfxe6 fxe6 23. Nxe6 Be4 24. Nxd8 Rxd8 25. c6 Qf7 26. Qc4 Bd5
27. Qf4 Qg6+ 28. Kf1 Be4 29. Red1 Rxd1+ 30. Rxd1 Ne7 31. Be6+ Kh8 32. Rd8+ Neg8
33. c7 Bg2+ 34. Ke1 Qb1+ 35. Rd1 Qc2 36. c8=Q 1-0

[Event "Open Ricany 2006"]
[Site "?"]
[Date "2006.??.??"]
[Round "1.19"]
[White "Vavrinec, Tomas"]
[Black "Macku, Emil"]
[Result "0-1"]
[WhiteElo "2093"]
[BlackElo "1886"]
[PlyCount "101"]
[EventDate "2006.??.??"]

1. c4 Nf6 2. Nc3 c5 3. Nf3 Nc6 4. g3 g6 5. Bg2 Bg7 6. O-O d6 7. d4 cxd4 8. Nxd4
Bd7 9. Nc2 O-O 10. b3 Rb8 11. Bb2 a6 12. a4 Qc8 13. Re1 Bh3 14. Bh1 Ne5 15. Rc1
h5 16. Ne3 h4 17. Ned5 Nxd5 18. Nxd5 Re8 19. Bd4 hxg3 20. hxg3 Qf5 21. Ba7 Rbc8
22. e4 Qg4 23. Ne3 Qd7 24. Bd4 Be6 25. f3 b5 26. axb5 axb5 27. Nd5 Bxd5 28.
exd5 bxc4 29. bxc4 Rc7 30. f4 Ng4 31. Bxg7 Kxg7 32. Qd4+ Nf6 33. Bg2 Rh8 34.
Kf2 Qa4 35. Rh1 Qa2+ 36. Kf3 Rxh1 37. Bxh1 Rb7 38. Rc3 Rb1 39. Bg2 Re1 40. Qd3
Rg1 41. Rc2 Qa4 42. Kf2 Qa7+ 43. Kf3 Qd7 44. Kf2 Ra1 45. Qd4 Qa4 46. Be4 Qa5
47. Re2 Qa3 48. f5 Qc1 49. Kf3 Ra3+ 50. Bd3 Qf1+ 51. Ke3 0-1

[Event "Open Ricany 2006"]
[Site "?"]
[Date "2006.??.??"]
[Round "1.15"]
[White "Fojtu, Petr"]
[Black "Voracek, Zdenek"]
[Result "1-0"]
[WhiteElo "2121"]
[BlackElo "2057"]
[PlyCount "73"]
[EventDate "2006.??.??"]

1. Nf3 d5 2. g3 c5 3. Bg2 Nc6 4. d4 cxd4 5. Nxd4 e5 6. Nxc6 bxc6 7. c4 Bb4+ 8.
Nc3 Ne7 9. O-O d4 10. Na4 Rb8 11. f4 Bd6 12. e3 exf4 13. Qxd4 O-O 14. exf4 Bg4
15. b3 Nf5 16. Qd3 Rb4 17. Be4 Rxa4 18. bxa4 Bc5+ 19. Kh1 Nd4 20. Re1 Re8 21.
h3 Bf3+ 22. Kh2 f5 23. Bxf3 Rxe1 24. Bg2 Qe7 25. Bb2 Re3 26. Qd1 Ne2 27. Bxc6
Nxg3 28. Bg2 Ne2 29. Qd5+ Kh8 30. Qxf5 Nxf4 31. Rf1 Nxg2 32. Qc8+ Qe8 33. Qxc5
Qb8+ 34. Kg1 h6 35. Rf8+ Qxf8 36. Qxf8+ Kh7 37. Qxg7# 1-0

[Event "Open Ricany 2006"]
[Site "?"]
[Date "2006.??.??"]
[Round "1.7"]
[White "Kojetsky, Pavel"]
[Black "Maly, Filip"]
[Result "1-0"]
[WhiteElo "2168"]
[BlackElo "1987"]
[PlyCount "72"]
[EventDate "2006.??.??"]

1. e4 c5 2. Nf3 d6 3. d4 cxd4 4. Nxd4 Nf6 5. Nc3 a6 6. g3 e5 7. Nde2 Be7 8. Bg2
O-O 9. O-O b5 10. a4 bxa4 11. Nxa4 Bb7 12. Nec3 Nbd7 13. Qe2 Qc7 14. Rd1 Rfc8
15. Be3 Bc6 16. Rd2 Qb7 17. Bg5 h6 18. Bxf6 Nxf6 19. h3 Bb5 20. Qe3 Rc6 21. Nd5
Nxd5 22. exd5 Rc4 23. Qb3 Bg5 24. Rdd1 Rb8 25. Nc3 Bd8 26. Bf1 Rcc8 27. Bxb5
axb5 28. Qb4 Qb6 29. Ra2 Rc4 30. Qb3 Qc7 31. Rd2 Qd7 32. Kg2 Bg5 33. Re2 Qc7
34. Ra6 f5 35. Rc6 Qb7 36. Rxd6 36... Kh7 {Dale necitelne.} 1-0

[Event "Open Ricany 2006"]
[Site "?"]
[Date "2006.??.??"]
[Round "1.22"]
[White "Pokorny, Jiri"]
[Black "Metejovsky, Ondrej"]
[Result "1/2-1/2"]
[WhiteElo "1855"]
[BlackElo "2081"]
[PlyCount "67"]
[EventDate "2006.??.??"]

1. e4 e5 2. Nf3 d6 3. d4 exd4 4. Nxd4 Be7 5. Nc3 Nf6 6. Bc4 O-O 7. O-O Nxe4 8.
Nxe4 d5 9. Bd3 dxe4 10. Bxe4 Bd6 11. Re1 Re8 12. g3 Nd7 13. c3 Nc5 14. Bc2
Rxe1+ 15. Qxe1 Bh3 16. Be3 Qf6 17. Qe2 Re8 18. Qh5 Bd7 19. Bxh7+ Kf8 20. Bc2
Re5 21. Qh8+ Ke7 22. Bf4 Ne4 23. Re1 Nxf2 24. Bxe5 Bxe5 25. Rxe5+ Qxe5 26. Kxf2
Qf6+ 27. Kg1 c5 28. Ne2 Bb5 29. Nf4 Qe5 30. Kf2 Qd6 31. Be4 Qd2+ 32. Kf3 Qd1+
33. Ke3 Qe1+ 34. Kf3 1/2-1/2

[Event "Open Ricany 2006"]
[Site "?"]
[Date "2006.??.??"]
[Round "1.9"]
[White "Pechacek, Stanislav"]
[Black "Kovar, Josef"]
[Result "1-0"]
[WhiteElo "2142"]
[BlackElo "1981"]
[PlyCount "65"]
[EventDate "2006.??.??"]

1. Nf3 Nf6 2. c4 g6 3. Nc3 Bg7 4. e4 d6 5. d4 O-O 6. Be2 e5 7. O-O Nc6 8. d5
Ne7 9. b4 a5 10. Ba3 axb4 11. Bxb4 Nd7 12. a4 f5 13. Ng5 Nc5 14. Bxc5 dxc5 15.
Ne6 Bxe6 16. dxe6 Nc6 17. Rb1 Nd4 18. Bf3 c6 19. Rxb7 Qc8 20. Rb6 Qc7 21. Qb1
Rab8 22. a5 Rfe8 23. exf5 gxf5 24. Bh5 Re7 25. Bf7+ Kh8 26. a6 Bf6 27. Rb7 Qc8
28. Rxe7 Bxe7 29. Qb7 Qxb7 30. axb7 Kg7 31. h3 Kf6 32. g4 Nc2 33. Rb1 {
Dale necitelne.} 1-0

[Event "Open Ricany 2006"]
[Site "?"]
[Date "2006.??.??"]
[Round "1.25"]
[White "Kylar, Miroslav"]
[Black "Ruzicka ml., Vaclav"]
[Result "0-1"]
[WhiteElo "2056"]
[BlackElo "1700"]
[PlyCount "57"]
[EventDate "2006.??.??"]

1. d4 d5 2. c4 c6 3. cxd5 cxd5 4. Nc3 Nc6 5. Nf3 Nf6 6. Ne5 Bd7 7. Bg5 e6 8. e3
a6 9. Be2 Be7 10. O-O O-O 11. Nxd7 Nxd7 12. Bxe7 Qxe7 13. Rc1 Rac8 14. a3 h6
15. Bf3 Rfd8 16. Re1 Nf6 17. Na4 b5 18. Nc5 Qa7 19. Re2 e5 20. Rec2 exd4 21.
exd4 Na5 22. Qe2 Nc6 23. Qd2 Ne7 24. Qa5 Rd6 25. Be2 Nf5 26. Qd2 Rdc6 27. Qf4
Nd6 28. b4 Nc4 29. Rc3 {Dale necitelne.} 0-1

[Event "Open Ricany 2006"]
[Site "?"]
[Date "2006.??.??"]
[Round "1.10"]
[White "Rerabkova, Lucie"]
[Black "Vojta, Pavel"]
[Result "0-1"]
[WhiteElo "1976"]
[BlackElo "2136"]
[PlyCount "89"]
[EventDate "2006.??.??"]

1. e4 e6 2. d4 d5 3. Nc3 dxe4 4. Nxe4 Nd7 5. Nf3 Ngf6 6. Bd3 Be7 7. O-O Nxe4 8.
Bxe4 Nf6 9. Bd3 O-O 10. Bf4 b6 11. c3 Bb7 12. Re1 a6 13. Be5 c5 14. Bxf6 Bxf6
15. dxc5 bxc5 16. Be4 Bxe4 17. Rxe4 Rb8 18. Qc2 Qb6 19. Re2 Rb7 20. Rd1 Qa5 21.
a3 Rfb8 22. Qc1 Rb3 23. Nd2 R3b7 24. Nc4 Qa4 25. b4 cxb4 26. cxb4 Rc7 27. Rc2
Rbc8 28. Rdd2 h6 29. h3 Qb3 30. Ne3 Rc3 31. Rxc3 Rxc3 32. Rc2 Rxc2 33. Nxc2 Bb2
34. Qb1 Qc3 35. a4 Qe5 36. Qd1 Qe4 37. Qd2 Be5 38. f3 Qc4 39. Na3 Qb3 40. Nc2
Qxa4 41. Qd8+ Kh7 42. Qd3+ g6 43. Qe4 Bf6 44. Kh2 Kg7 45. Nd4 0-1

[Event "Open Ricany 2006"]
[Site "?"]
[Date "2006.??.??"]
[Round "1.29"]
[White "Havelka, Petr"]
[Black "Moravec, Vit"]
[Result "1/2-1/2"]
[WhiteElo "2019"]
[BlackElo "1619"]
[PlyCount "70"]
[EventDate "2006.??.??"]

1. d4 f5 2. g3 e6 3. Bg2 d5 4. Nf3 Nf6 5. O-O Bd6 6. Bg5 Nbd7 7. Nbd2 O-O 8. c4
c6 9. Qc2 Qe8 10. e3 Ne4 11. Bf4 Be7 12. c5 Ndf6 13. Be5 Ng4 14. h3 Nxe5 15.
Nxe5 Bd7 16. Ndf3 Qc8 17. Rac1 Be8 18. b4 Bh5 19. a4 Bxf3 20. Bxf3 Ng5 21. Bg2
Nf7 22. Nxf7 Kxf7 23. Qe2 g6 24. f4 Qd7 25. Rb1 Rab8 26. Rfc1 Rfc8 27. Bf1 Bd8
28. b5 Ke8 29. Qc2 Be7 30. bxc6 bxc6 31. Ba6 Rd8 32. Rb2 Qc7 33. Rcb1 Rxb2 34.
Rxb2 Rb8 35. Be2 Bf6 1/2-1/2

[Event "Open Ricany 2006"]
[Site "?"]
[Date "2006.??.??"]
[Round "1.18"]
[White "Vorackova, Jarmila"]
[Black "Koys, Milan"]
[Result "0-1"]
[WhiteElo "1908"]
[BlackElo "2103"]
[PlyCount "70"]
[EventDate "2006.??.??"]

1. d4 Nf6 2. c4 e6 3. Nc3 Bb4 4. Qc2 O-O 5. Nf3 d5 6. cxd5 exd5 7. Bg5 h6 8.
Bh4 c5 9. e3 cxd4 10. Nxd4 Nc6 11. Nxc6 bxc6 12. Be2 Qd6 13. O-O Re8 14. Rfd1
Ng4 15. Bg3 Qf6 16. Rd4 Bf5 17. Qc1 Bxc3 18. Qxc3 Ne5 19. Rc1 Rad8 20. Ra4 Re6
21. Rxa7 d4 22. exd4 Rxd4 23. Bxe5 Qxe5 24. Bc4 Rf6 25. Re1 Qf4 26. g3 Qd2 27.
Qxd2 Rxd2 28. Re8+ Kh7 29. Kg2 Bd7 30. Re2 Rd4 31. b3 Bg4 32. Rb2 Bf3+ 33. Kg1
Rd1+ 34. Bf1 Rfd6 35. Rxf7 Rxf1+ 0-1

[Event "Open Ricany 2006"]
[Site "?"]
[Date "2006.??.??"]
[Round "1.20"]
[White "Plhacek, Vaclav"]
[Black "Simecek, Bohumil"]
[Result "0-1"]
[WhiteElo "1880"]
[BlackElo "2091"]
[PlyCount "21"]
[EventDate "2006.??.??"]

1. e4 d5 2. exd5 Nf6 3. d4 Nxd5 4. Nf3 Bg4 5. Be2 e6 6. O-O Be7 7. Re1 O-O 8.
c3 c5 9. dxc5 Bxc5 10. Ne5 Bxe2 11. Qxe2 {Dale totalne necitelne.} 0-1

[Event "Open Ricany 2006"]
[Site "?"]
[Date "2006.??.??"]
[Round "1.6"]
[White "Nepustil, Frantisek"]
[Black "Srba, Milan"]
[Result "0-1"]
[WhiteElo "1995"]
[BlackElo "2203"]
[PlyCount "58"]
[EventDate "2006.??.??"]

1. e4 e6 2. d4 d5 3. e5 c5 4. Nc3 Nc6 5. Nf3 cxd4 6. Nb5 Bb4+ 7. Bd2 Bc5 8. a3
a6 9. b4 axb5 10. bxc5 Bd7 11. Bd3 b6 12. cxb6 Qxb6 13. O-O Nge7 14. Re1 Ng6
15. h4 h6 16. h5 Nge7 17. Nh4 O-O 18. Bxh6 gxh6 19. Qd2 Kg7 20. g4 f6 21. exf6+
Rxf6 22. g5 hxg5 23. Qxg5+ Kf7 24. Bg6+ Nxg6 25. hxg6+ Kg7 26. Kg2 Rh8 27. Rh1
d3 28. f4 Qe3 29. Raf1 Rxh4 0-1

[Event "Open Ricany 2006"]
[Site "?"]
[Date "????.??.??"]
[Round "2.29"]
[White "Schmalz, Michal"]
[Black "Novak, Jindrich"]
[Result "1-0"]
[WhiteElo "1626"]
[BlackElo "1966"]
[PlyCount "120"]

1. e4 d6 2. d4 f5 3. exf5 Bxf5 4. Qf3 Qc8 5. Bc4 Nf6 6. Bg5 Be4 7. Qg3 d5 8.
Bxf6 exf6 9. Bd3 Qe6 10. Ne2 Bd6 11. Qe3 Kf7 12. Bxe4 Qxe4 13. Qxe4 dxe4 14. c4
Bb4+ 15. Nbc3 Nc6 16. O-O-O Bxc3 17. Nxc3 Nb4 18. Nxe4 Nxa2+ 19. Kc2 Rhe8 20.
Rhe1 a5 21. d5 h6 22. d6 f5 23. d7 Nb4+ 24. Kc3 fxe4 25. dxe8=Q+ Rxe8 26. Rd7+
Kf6 27. Rxc7 Rd8 28. Kb3 Rd4 29. Rxb7 Nd3 30. Kc3 Rd8 31. Rd1 Kg6 32. f3 exf3
33. gxf3 Nc5 34. Rb6+ Kf5 35. Rxd8 Na4+ 36. Kd3 Nxb6 37. Rf8+ Ke6 38. Rb8 Nd7
39. Re8+ Kf7 40. Re1 Nc5+ 41. Kc2 Kf6 42. Ra1 a4 43. Kc3 Kf5 44. b4 Ne6 45. c5
Kf4 46. Rxa4 Kxf3 47. Ra6 Nf4 48. b5 h5 49. b6 Ne6 50. b7 g5 51. b8=Q Nf4 52.
Rf6 Kg4 53. Rxf4+ gxf4 54. Qb1 h4 55. Qf1 f3 56. Kd3 f2 57. Qxf2 Kh3 58. Qf6
Kg4 59. Ke4 h3 60. Qf4+ Kh5 1-0

[Event "Open Ricany 2006"]
[Site "?"]
[Date "????.??.??"]
[Round "2.11"]
[White "Ruzicka, Vaclav"]
[Black "Sodoma, Jan"]
[Result "0-1"]
[WhiteElo "1700"]
[BlackElo "2285"]
[PlyCount "28"]

1. c4 e5 2. Nc3 Nc6 3. e4 Bc5 4. d3 d6 5. g3 f5 6. Bg2 Nf6 7. h3 O-O 8. f4 Qe8
9. Qe2 Nh5 10. Nd5 Nxg3 11. Qd1 Nxh1 12. Nxc7 Qd8 13. Nxa8 Qh4+ 14. Kd2 Qf2+
0-1

[Event "Open Ricany 2006"]
[Site "?"]
[Date "????.??.??"]
[Round "2.22"]
[White "Voracek, Zdenek"]
[Black "Kylar, Miroslav"]
[Result "1-0"]
[WhiteElo "2057"]
[BlackElo "2056"]
[PlyCount "41"]

1. d4 d5 2. c4 e6 3. Nc3 Nf6 4. Nf3 Nbd7 5. e3 c6 6. b3 Bb4 7. Bd2 O-O 8. Bd3
Re8 9. O-O e5 10. dxe5 Nxe5 11. Nxe5 Rxe5 12. Nxd5 Nxd5 13. Bxb4 Be6 14. Ba3
Qg5 15. f4 Nxe3 16. fxg5 Nxd1 17. Raxd1 Rxg5 18. Rd2 g6 19. Be7 Re5 20. Bf6 Re3
21. Kf2 1-0

[Event "Open Ricany 2006"]
[Site "?"]
[Date "????.??.??"]
[Round "2.6"]
[White "Vojta, Pavel"]
[Black "Skala, Jaromir"]
[Result "1-0"]
[WhiteElo "2136"]
[BlackElo "2079"]
[PlyCount "47"]

1. d4 Nf6 2. c4 e5 3. dxe5 Ng4 4. Nf3 Bc5 5. e3 Nc6 6. Bd2 Ngxe5 7. Nxe5 Nxe5
8. Bc3 Qe7 9. Be2 O-O 10. O-O d6 11. Nd2 f5 12. Nf3 Ng6 13. b4 Bb6 14. Bd4 Be6
15. a4 c6 16. Qc2 Bc7 17. Bd3 Ne5 18. Nxe5 dxe5 19. Bc5 Bd6 20. Bxd6 Qxd6 21.
c5 Qe7 22. Bc4 Rfd8 23. Rfd1 Kf7 24. Qxf5+ 1-0